000 00713nam a2200241Ia 4500
003 OSt
005 20221006142208.0
006 a|||||r|||| 00| 0
007 ta
008 221006b |||||||| |||| 00| 0 eng d
024 _a5,628
037 _cTextual
040 _aEASL
_cEASL
_beng
041 _2eng
_aeng
082 _aO41,3x, M21-;2
100 _aGIGLIESI Primerose Tr.
_9647148
245 0 _aEffendi and the pregnant pot
_b Uygur folktales from China
260 _aBeijing
_bNew World Press
_c1982
300 _a88p.
_ccm.
700 _a FRIEND Robert C Tr.
_9647149
942 _hO41,3x, M21-;2
_cTEXL
_2CC
999 _c1073714
_d1073714